00968 a2200181 45000010006000000050017000060080041000230030015000640400040000790800032001192450037001510200018001882640050002063000019002565050396002751000020006718560095006915699520260407155832.0260407a1990 arg spa dAR-UNSa-BCEJYS aAR-UNSa-BCEJYSbspacAR-UNSa-BCEJYS a94:33xHistoria económica10aThe history of econometric ideas a0-521-42465-8 1aCambridge :bCambridge University Pressc1990 a296 p.c28 cm. a1. Sunspot and Venus theories of the business cycle – 2. Measuring and representing business cycles – 3. Random shocks enter the business cycle scene – 4. Tinbergen and macrodynamic models – 5. Narrowing the datatheory gap in demand analysis – 6. The evolution of identification questions – 7. Errors-in-variables and errors-in-equations models – 8. Haavelmos probability model1 aMorgan, Mary S.41uhttps://biblioeco.unsa.edu.ar/pmb/images/libros/L128635.jpgyImagen de portadaqimage/jpeg